000 00449nam a2200181Ia 4500
005 20240823013402.0
008 240823s9999||||xx |||||||||||||| ||und||
041 _aENGLISH
082 _A628 N6
100 _a"Henry,Glynn J"
245 0 _aEnvironmental Science and Engineering
250 _a1st
260 _c1996
_b"PHI,New "
500 _aTRANSFERED
650 _aEnvironment Engg
_bInformation Technology
942 _cBK
999 _c167094
_d167094